000 00900nam a2200265 i 4500
001 000022729
003 DO-SdBNP
005 20231207132906.0
007 ta
008 101117s2000 dr r 001 0 spa d
040 _aDO-SdBNP
_bspa
_cBNPHU
_erda
082 4 _bA673h
245 1 0 _aArchivo histórico de la reforma /
_ccoordinación y edición, Angela Rodríguez, Arturo Rávalos.
246 1 4 _aReforma de la empresa pública 1997 - 2000 :
_bRepublica Dominicana
264 _aSanto Domingo :
_bComisión Reforma de la Empresa Pública,
_c2000.
300 _a172 páginas ;
_c28 cm.
336 _2rdacontent
_atexto
_btxt
337 _2rdamedia
_asin mediación
_bn
338 _2rdacarrier
_avolumen
_bnc
590 _aInventariado, 2023/BT
700 1 _aRodríguez, Angela,
_ecoordinador
_946708
700 1 _aDávalos, Arturo,
_ecoordinador
_946709
910 _abtavárez
942 _2ddc
_cLBS1
999 _c22226
_d22226